Guess the McQueen cars sudden death - Statistics

General Stats
  • This quiz has been taken 108 times
  • The average score is 8 of 10
Answers on the Grid
Answers color-coded by a green-red scale on the quiz's grid according to % correct below.
Mcqueen
Sally
Mater
Jack
Jaden
Cruz
Alex
Chick hicks
Mack
Sarge
Athel
Arthur
Athanasius
Jackson storm
Luigi
Sanulya
Guido
 
Answer Stats
Answer % Correct
Mcqueen
100%
Sally
92%
Mater
85%
Mack
77%
Chick hicks
74%
Cruz
71%
Luigi
70%
Guido
68%
Jackson storm
68%
Sarge
52%
No matching quizzes found
Score Distribution
Percent of People with Each Score
Percentile by Number Answered
Your Score History
You have not taken this quiz